000 00323nam a22001337a 4500
005 20190226113012.0
008 190226b xxu||||| |||| 00| 0 eng d
022 _a07052018
100 _aDe Kalidas
_94897
245 _aMan Making Education Need of the Hour
260 _bNew Bengal Printers
300 _a381
942 _cBK
999 _c5769
_d5767